Palmarès-Top 14. - Statistiques

Statistiques générales
  • Ce quiz a été pris 621 fois
    450 depuis la dernière actualisation
  • Le résultat moyen est 18 sur 28
Statistiques - réponses
Titres Premier-Dernier Club % Correct
23 1912 - 2024 Stade toulousain
100%
14 1893 - 2015 Stade français Paris
96%
4 1931 - 2014 RC Toulon
94%
5 1935 - 2006 Biarritz olympique
92%
1 1896 Olympique
92%
6 1892 - 2016 Racing 92
91%
5 1949 - 2018 Castres olympique
89%
2 2010 - 2017 ASM Clermont-Auvergne
88%
1 2022 Montpellier HR
88%
7 1914 - 2009 USA Perpignan
84%
2 1932 - 1933 Lyon OU
83%
2 1969 - 1991 CA Bègles
80%
3 1913 - 1943 Aviron bayonnais
80%
7 1899 - 1911 Stade bordelais UC
76%
3 1928 - 1964 Section paloise
75%
11 1961 - 1984 AS Béziers
67%
8 1930 - 1988 SU Agen
56%
1 1963 Stade montois
55%
1 1954 FC Grenoble
54%
2 1936 - 1979 RC Narbonne
54%
1 1910 FC Lyon
50%
8 1948 - 1968 FC Lourdes
45%
1 1967 US Montauban
43%
2 1920 - 1973 Stadoceste tarbais
41%
1 1970 La Voulte sportif
14%
1 1929 US Quillan
13%
1 1937 CS Vienne
12%
1 1951 US Carmaux
10%
Aucun quiz correspondant
Distribution des résultats
% des personnes avec chaque résultat
Percentile par nombre de réponses
Votre historique - résultats
Vous n’avez pas pris ce quiz depuis la dernière actualisation